Statistics for Name the NFL Player by cause of death

Click here to take the quiz!

General Stats

  • This quiz has been taken 27 times
  • The average score is 8 of 50

Answer Stats

HintAnswer% Correct
Liver CancerWalter Payton
64%
UnkownJim Taylor
55%
MurderedSean Taylor
55%
Pulmonary embolismDerrick Thomas
50%
Heart AttackJohnny Unitas
41%
ArrhythmiaReggie White
41%
MurderedSteve McNair
41%
StrokeBart Starr
32%
SuicideJunior Seau
32%
Kidney FailureSammy Baugh
32%
Heart AttackMike Webster
27%
Heart AttackRosey Brown
27%
SuicideAaron Hernandez
23%
Natural CausesDeacon Jones
23%
DementiaGale Sayers
23%
Heart AttackKevin Greene
23%
AneurysmOtto Graham
23%
CancerLarry Wilson
14%
DementiaPaul Hornung
14%
PneumoniaRed Grange
14%
CancerSid Luckman
14%
Natural CausesY.A. Tittle
14%
Cardiac ArrestBobby Layne
9%
Heart AttackDick Lane
9%
Undisclosed IllnessDon Hutson
9%
Lou Gehrig's diseaseDwight Clark
9%
Short IllnessGeorge Blanda
9%
Colon CancerKen Stabler
9%
Heart AttackNorm Van Brocklin
9%
Natural CausesSam Huff
9%
Natural CausesWillie Davis
9%
Kidney DiseaseAlex Karras
5%
Natural CausesBronko Nagurski
5%
Pancreatic CancerGene Upshaw
5%
Congestive heart failure/chronic kidney diseaseJim Parker
5%
StrokeLee Roy Selmon
5%
PneumoniaSteve Van Buren
5%
DementiaBobby Dillon
0%
Lung CancerBuck Buchanan
0%
Heart AttackCurly Lambeau
0%
Natural CausesDoug Atkins
0%
Parkinson'sForrest Gregg
0%
PneumoniaGino Marchetti
0%
UnkownHerb Adderley
0%
Heart AttackJack Tatum
0%
Heart AttackJim Thorpe
0%
DementiaJohn Mackey
0%
Kidney FailureL.C. Greenwood
0%
DementiaNick Buoniconti
0%
Heart AttackRay Nitschke
0%

Score Distribution

Percentile by Number Answered

Percent of People with Each Score

Your Score History

You have not taken this quiz